Сборка, регулировка, пуск и техническое обслуживание чесальных машин (Запись № 13599692)

Подробности
000 -МАРКЕР
контрольное поле 01639nam2a2200277 4500
001 - ИДЕНТИФИКАТОР ЗАПИСИ
контрольное поле rc\2940862
005 - ИДЕНТИФИКАТОР ВЕРСИИ
контрольное поле 20110824230313.6
035 ## - ДРУГИЕ СИСТЕМНЫЕ НОМЕРА
Идентификатор записи (NLR Aleph) 007089677
100 ## - ДАННЫЕ ОБЩЕЙ ОБРАБОТКИ
Данные общей обработки 20110824d1935 |||y0rusy50 ca
101 0# - ЯЗЫК РЕСУРСА
Язык текста, звукозаписи и т.д. русский
102 ## - СТРАНА ПУБЛИКАЦИИ ИЛИ ПРОИЗВОДСТВА
Страна публикации Российская Федерация
105 ## - ПОЛЕ КОДИРОВАННЫХ ДАННЫХ: ТЕКСТОВЫЕ МАТЕРИАЛЫ, МОНОГРАФИЧЕСКИЕ
Кодированные данные о монографическом текстовом документе a z |||||
200 1# - ЗАГЛАВИЕ И СВЕДЕНИЯ ОБ ОТВЕТСТВЕННОСТИ
Основное заглавие Сборка, регулировка, пуск и техническое обслуживание чесальных машин
Первые сведения об ответственности Исполнитель инж. В.Е. Смирнов
Последующие сведения об ответственности Спец. ред. инж. Г.А. Резвякова
210 ## - ПУБЛИКАЦИЯ, РАСПРОСТРАНЕНИЕ И ДР.
Дата издания, распространения и т.д. 1935
Место изготовления Москва
Имя изготовителя 18 тип. Мособлполиграфа
215 ## - ФИЗИЧЕСКАЯ ХАРАКТЕРИСТИКА
Специфическое обозначение материала и объем Пер., 222 с., 1 с. объявл., 5 вкл. л. черт.
Другие сведения о физической характеристике ил., черт.
Размеры 23х16 см
300 ## - ОБЩИЕ ПРИМЕЧАНИЯ
Текст примечания На переплете загл.: "Методика подготовки подмастера-ремонтировщика чесальных машин"
461 #0 - УРОВЕНЬ НАБОРА
Встроенное поле 001rc\2940859
-- 2001#$aМетодика подготовки подмастера чесальных машин$eУтв. ГУУЗ НКЛП СССР в качестве учеб. пособия для подмастеров чесальных машин. Кн. 1-$fЦентр. науч.-исслед. ин-т труда легкой пром-сти. Цитлегпром$vКн. 3
512 00 - ЗАГЛАВИЕ ОБЛОЖКИ
Заглавие обложки Методика подготовки подмастера-ремонтировщика чесальных машин
700 #1 - ИМЯ ЛИЦА - ПЕРВИЧНАЯ ОТВЕТСТВЕННОСТЬ
Начальный элемент ввода Смирнов
Часть имени, кроме начального элемента ввода В. Е.
702 #1 - ИМЯ ЛИЦА - ВТОРИЧНАЯ ОТВЕТСТВЕННОСТЬ
Начальный элемент ввода Резвяков
Часть имени, кроме начального элемента ввода Г. А.
Код отношения Редактор
801 #0 - ИСТОЧНИК ЗАПИСИ
Страна Российская Федерация
Организация NLR
Правила каталогизации psbo
801 #1 - ИСТОЧНИК ЗАПИСИ
Страна Российская Федерация
Организация ELAR
Источник данных rusmarc
852 ## - МЕСТОНАХОЖДЕНИЕ И ШИФР ХРАНЕНИЯ
Идентификатор организации NLR
Шифр хранения (Call Number) 35-18/162(3)
942 ## - ДОПОЛНИТЕЛЬНЫЕ ЭЛЕМЕНТЫ ЗАПИСИ (АБИС)
Тип экземпляра АБИС Книга
980 ## - КОЛЛЕКЦИЯ
Название коллекции Национальная библиография

Нет доступных экземпляров.